|
|
|
|
| LEADER |
01199nam a2200385 4500 |
| 001 |
DLU110127287 |
| 005 |
##20111028 |
| 008 |
##920903s1993 mau 001 0 eng |
| 010 |
# |
# |
|a 92034185
|
| 020 |
# |
# |
|a 0201581337 :
|2 9.95 (
|3 8.95 Can.)
|
| 035 |
# |
# |
|9 (DLC) 92034185
|
| 040 |
# |
# |
|a DLC
|c DLC
|d DLC
|
| 082 |
# |
# |
|a 004.6
|b DA-R
|
| 100 |
# |
# |
|a Davis, Ralph,
|d 1947-
|
| 245 |
# |
# |
|a Windows networking and connectivity guide :
|b how to survive in a world of Windows, Netware, and DOS /
|c Ralph Davis.
|
| 260 |
# |
# |
|a Reading, Mass. :
|b Addison-Wesley Pub. Co.,
|c c1993.
|
| 300 |
# |
# |
|a xiii, 562 p. ;
|c 21x30 cm.
|
| 440 |
# |
# |
|a The Andrew Schulman programming series
|
| 500 |
# |
# |
|a Cover title: Windows networking programming.
|
| 504 |
# |
# |
|a Includes bibliographical references (p. 546-547) and index.
|
| 630 |
# |
# |
|a Microsoft Windows (Computer file)
|
| 630 |
# |
# |
|a NetWare.
|
| 650 |
# |
# |
|a Computer networks.
|
| 740 |
# |
# |
|a Windows network programming.
|
| 923 |
# |
# |
|a 01/2011CT
|
| 991 |
# |
# |
|a GT
|
| 992 |
# |
# |
|a 0
|
| 994 |
# |
# |
|a KCT
|
| 900 |
# |
# |
|a True
|
| 911 |
# |
# |
|a Đào Thị Thu Huyền
|
| 925 |
# |
# |
|a G
|
| 926 |
# |
# |
|a A
|
| 927 |
# |
# |
|a SH
|
| 980 |
# |
# |
|a Thư viện Trường Đại học Đà Lạt
|